000 01100nas a2200277 454500
001 391
005 20260407193503.0
008 260407s2005####ag###########|||spa#d
003 AR-UNSa-BCEJYS
040 _aAR-UNSa-BCEJYS
_bspa
_cAR-UNSa-BCEJYS
080 _a65
_xGestión y organización de la industria, el comercio y las comunicaciones
245 1 0 _aGestión
022 _a0328-9117
264 1 _aBuenos Aires :
_bHSM Argentina
_c2005
310 _aFrecuencia: Bimestral Cambia de Director a partir del Vol. 10, Nº 5 por José Salibi Neto Se incorpora como Dir. a partir del Vol.11, Nº 3 Graciela González Biondo Cambia de título la publicación por Wobi : World of Business Ideas, a partir del Vol. 17, Nº 2
041 _aspa
942 _cSER
590 _aniveau_biblio:s niveau_hierar:1
100 1 _aDiez, Miguel Angel
700 1 _aBruchou, Eduardo
650 _aGestión
650 _aMarketing
650 _aRecursos humanos
650 _aADMINISTRACION DE EMPRESAS
856 4 1 _uhttps://biblioeco.unsa.edu.ar/pmb/images/revistas/Gestion.jpg
_yImagen de portada
_qimage/jpeg
999 _c8364
_d8364